A Compendium of Papers Submitted to the Joint Economic Committee Congress of the Inited States

Gardado en:
Detalles Bibliográficos
Autor Corporativo: Joint Committee Print
Formato: Libro
Idioma:Undetermined
Publicado: Washington U.S Government Printing Office 1982
Những chủ đề:
Các nhãn: Engadir etiqueta
Sen Etiquetas, Sexa o primeiro en etiquetar este rexistro!
Thư viện lưu trữ: Trung tâm Học liệu Trường Đại học Cần Thơ
LEADER 00593nam a2200181Ia 4500
001 CTU_91364
008 210402s9999 xx 000 0 und d
082 |a 338.951 
082 |b J74/P.1 
110 |a Joint Committee Print 
245 2 |a A Compendium of Papers Submitted to the Joint Economic Committee Congress of the Inited States 
245 0 |c Joint Committee Print 
260 |a Washington 
260 |b U.S Government Printing Office 
260 |c 1982 
650 |a Industries china,Agriculture economic 
904 |i Hiếu 
980 |a Trung tâm Học liệu Trường Đại học Cần Thơ